000 00263nam a2200109Ia 4500
008 190914s9999||||xx |||||||||||||| ||und||
100 _aM. S. Murad
245 0 _aPostgraduate One-Best Type M.C.Q.
260 _aCanada
_bPearson
_c2006
300 _a990
942 _cBK
999 _c9822
_d9822